Vista normal
Vista MARC
Entrada Personal Name
Número de registros utilizados en: 1
001 - CONTROL NUMBER
- control field: 16622
003 - CONTROL NUMBER IDENTIFIER
- control field: DLC
005 - DATE AND TIME OF LATEST TRANSACTION
- control field: 20241217131433.0
008 - FIXED-LENGTH DATA ELEMENTS
- fixed length control field: 150213n| azannaabn |a aaa c
010 ## - LIBRARY OF CONGRESS CONTROL NUMBER
- LC control number: ns2015000399
035 ## - SYSTEM CONTROL NUMBER
- System control number: (CaEvSKY)skya10703297
040 ## - CATALOGING SOURCE
- Original cataloging agency: MX-SlUA
- Language of cataloging: spa
- Description conventions: rda
- Transcribing agency: Mx-PuUPA
- Modifying agency: Mx-PuUPA
100 1# - HEADING--PERSONAL NAME
- Personal name: Iglesis Guillard, Jorge,
374 ## - OCCUPATION
- Occupation: Profesor universitario
- Occupation: Autor
- Source of term: lcsh
375 ## - GENDER
- Gender: hombre
377 ## - ASSOCIATED LANGUAGE
- Language code: spa
400 1# - SEE FROM TRACING--PERSONAL NAME
- Personal name: Guillard, Jorge Iglesis
670 ## - SOURCE DATA FOUND
- Source citation: Croquis: Dibujo para arquitectos y diseñadores, 1989:
- Information found: title page (Jorge Iglesis Guillard) page 3 of cover (Jorge Iglesis Guillard ... profesor de dibujo técnico en varias facultades de arquitectura y urbanismo en universidades de Chile, Estados Unidos y España)